000
00255nam a2200097Ia 4500
001
929486
005
20250826191655.0
008
250824s9999 xx 000 0 und d
245
0
_a
KÜÇÜK ŞEYLER 1
_c
ÜSTÜN DÖKMEN
260
_b
REMZİ KİTABEVİ YAYINLARI
999
_c
929486
_d
929486